000 00857nas a2200265 4500
001 BR7200572
003 BR-BrBNA
005 20231205082353.0
007 ta
008 230509b bl.|||p| |||| 00| 00por d
040 _aBR-BrBNA
_bpor
_cBiblioteca Nacional de Agricultura
041 _a(Pt)
072 _aH20
100 1 _aRobbs, C.F.
100 1 _aPeracchi, A.L.
111 1 _a7. Reuniao Anual da Sociedade Brasileira de Olericultura
_cRio de Janeiro, GB (Brazil)
_d1967
245 1 _aSobre a erinose do quiabeiro (Abelmoschus esculentus)[Hibiscus esculentus; Acaro]
650 _aQUIABO
650 _aERINOSE
650 _aACARO
650 _aBIOLOGIA
773 0 _tPesquisa Agropecuaria Brasileira. Serie Agronomia (Brazil)
_xISSN 0304-436X
_g(1972), v. 7 p. 5-7
_wBR7200572
909 _a202311
_bLúcia
_c55
_dLúcia Elande
942 _2AGRIS
_n0
_cANA
999 _c91254
_d91254